{"text_format":"1","workbook":"xlsx","n_sheets":4,"sheets":["Guidance","Worked Examples","FwN Total","FwN Calculator"],"not_rendered":{"charts":0,"images":1,"macros":1,"external_links":0,"defined_names":0,"comments":0,"pivot_tables":0},"unopened":[],"bounds":{"document_bytes":16777216,"sheet_cells":100000,"rows_first":2000,"rows_last":500,"rows_between":2000,"halvings":0,"cell_chars":16384,"cell_head_chars":4096},"cells_cut":0,"cells_raw":0,"read":"whole","date_system":"1900"}

{"sheet":"Guidance","index":0,"n_rows":26,"n_cols":1,"rows_kept":26,"cut":false,"hidden":true,"merged":[]}
["Farming with Nature (FwN)  2026/27 Calculator"]
[]
["User Guidance Notes"]
["Purpose"]
["The Farming with Nature (FwN) Ready Reckoner has been developed to help farm business estimate:"]
["1. Farming with Nature (FwN) payments"]
["PLEASE NOTE: The tool is intended as a guide only and does not guarantee payment. "]
[]
["Before You Start"]
["You will need:"]
["Your estimated Farm Sustainability Payment"]
[]
["Step 1 - Select FwN Transition Scheme Actions"]
["Add the quantity of each action you wish to complete.  "]
["The calculator will calculate the cost and if mandatory supporting items are required. * Up to a maximum application value of £20,000."]
[]
["Understanding the Results"]
[]
["Total FwN Transition Scheme Payment"]
["The total payment generated from all selected FwN Transition Scheme Actions"]
[]
["Scheme Limits"]
["Certain actions may be subject to minimum and maximum application and payment limits"]
["Where limits apply:"]
["The calculator will automatically apply the cap."]
["Warning messages will appear if limits are exceeded. "]

{"sheet":"Worked Examples","index":1,"n_rows":14,"n_cols":11,"rows_kept":14,"cut":false,"hidden":false,"merged":[]}
[]
[null,"Example 1 FwN with Hedgerows and Retention of Winter Stubble",null,null,null,null,null,"Example 2 FwN with Riparian Buffer Strips"]
[]
[]
[null,"FwN Actions",null,null,null,null,null,"FwN Actions"]
[null,"Action ","Quantity ","Rate ","Payment",null,null,"Action ","Quantity ","Rate ","Payment"]
[null,"Planting New Hedgerows","205m ","£6.49/m",1330.45,null,null,"Creation of 2m Riparian Buffer Strip","150m","£1.41/m",211.5]
[null,"Protective Fencing for Hedgerows","205m ","£6.52/m",1336.6,null,null,"Protective Fencing","150m","£6.52/m",978]
[null,"Retention of Winter Stubble","10 ha","£99/ha",990,null,null,"Gate and Two Posts","1 sets","310.29 each",310.29000000000002]
[null,"Total Estimated FwN Payment",null,null,{"$f":"SUM(E7:E9)","v":3657.05},null,null,"Drinking Trough and Base","1 sets","£169.70 each",169.7]
[null,"Summary ",null,null,null,null,null,"Total Estimated FwN Payment",null,null,{"$f":"SUM(K7:K10)","v":1669.49}]
[null,"Scheme","Amount"]
[null,"Estimated FwN Payment",{"$f":"E10","v":3657.05},null,null,null,null,"Scheme","Amount"]
[null,null,null,null,null,null,null,"Estimated FwN Payment",{"$f":"K11","v":1669.49}]

{"sheet":"FwN Total","index":2,"n_rows":37,"n_cols":6,"rows_kept":37,"cut":false,"hidden":true,"merged":[]}
[]
["Farming with Nature Transition Scheme Actions and Supporting Items"]
[]
["Action ","Unit Rate (£)","Unit","Quantity",null,"Estimated Payment"]
["Planting New Hedgerows",6.49,"m",100,150,{"$f":"D5*B5","v":649}]
["Protective Fencing for Planting New Hedgerows",6.52,"m",100,null,{"$f":"D6*B6","v":652}]
["Management of Hedgerows",0.96,"m",100,null,96]
["Creation of 2 m Riparian Buffer Strip",1.41,"m",100,null,141]
["Protective Fencing for 2m Riparian Buffer Strips",6.52,"m",100,null,652]
["Gate and two Posts for 2m Riparian Buffer Strips",310.29000000000002,"set",0,null,0]
["Drinking trough and base for 2m Riparian Buffer Strips",169.7,"set",1,null,169.7]
["Pasture Pump for 2m Riparian Buffer Strips",239.06,"each",1,null,239.06]
["Creation of 7 m Riparian Buffer Strip",4.93,"m",142,null,700.06]
["Protective Fencing for 7m Riparian Buffer Strips",6.52,"m",100,null,652]
["Gate and two Posts for 7m Riparian Buffer Strips",310.29000000000002,"set",{"$f":"IF(D14>=1,1,\"\")","v":1},null,{"$f":"IFERROR(D15*B15,0)","v":310.29000000000002}]
["Drinking trough and base for 7m Riparian Buffer Strips",169.7,"set",null,null,0]
["Pasture Pump for 7m Riparian Buffer Strips",239.06,"each",null,null,0]
["Management of 7 m Riparian Buffer Strip",0.04,"m",142,null,5.68]
["Farmland Tree Planting (1,600 trees/ha) Plot 1",6756,"ha",0.1,null,675.6]
["Protective Fencing for Farmland Tree Planting",6.52,"m",150,null,977.99999999999989]
["Gate and two Posts for Farmland Tree Planting",310.29000000000002,"set",{"$f":"IF(D20>=150,1,\"\")","v":1},null,{"$f":"IFERROR(D21*B21,0)","v":310.29000000000002}]
["Farmland Tree Planting (1,600 trees/ha) Plot 2",6756,"ha",0.1,null,{"$f":"D22*B22","v":675.6}]
["Protective Fencing for Farmland Tree Planting",6.52,"m",150,null,977.99999999999989]
["Gate and two Posts for Farmland Tree Planting",310.29000000000002,"set",{"$f":"IF(D23>=150,1,\"\")","v":1},null,{"$f":"IFERROR(D24*B24,0)","v":310.29000000000002}]
["Farmland Tree Planting (1,600 trees/ha) Plot 3",6756,"ha",0.1,null,{"$f":"D25*B25","v":675.6}]
["Protective Fencing for Farmland Tree Planting",6.52,"m",150,null,977.99999999999989]
["Gate and two Posts for Farmland Tree Planting",310.29000000000002,"set",{"$f":"IF(D26>=150,1,\"\")","v":1},null,{"$f":"IFERROR(D27*B27,0)","v":310.29000000000002}]
["Management of Farmland Trees",112,"ha",100,null,11200]
["Retention of Winter Stubble",99,"ha",0,null,0]
["Multi-species Winter Cover Crop",226,"ha",0,null,0]
["Arable - Unharvested Cereal Margin",1170,"ha",0,null,0]
["Arable - Grass Margin",1308,"ha",0,null,0]
["Arable - Flower-Rich Grass Margin",1422,"ha",0,null,0]
["Herbal Ley",467,"ha",9.5,null,4436.5]
["Herbal Ley - Enhanced",521,"ha",9,null,4689]
[null,null,null,null,"Total Estimated Payment (£)",{"$f":"SUM(F5:F35)","v":30483.960000000003}]
[null,null,null,null,null,{"$f":"IF(F36>20000,\"⚠ Payment exceeds maximum cap\",\"✓ Within limit\")","v":"⚠ Payment exceeds maximum cap"}]

{"sheet":"FwN Calculator","index":3,"n_rows":44,"n_cols":7,"rows_kept":44,"cut":false,"hidden":false,"merged":[]}
[]
[]
[]
[]
[]
[null,"Farming with Nature (FwN) Transition Scheme Calculator"]
[]
[]
[]
[]
[null,"Farming with Nature Actions"]
[null,"Environmental Action",{"$f":"'FwN Total'!B4","v":"Unit Rate (£)"},{"$f":"'FwN Total'!D4","v":"Quantity"},{"$f":"'FwN Total'!C4","v":"Unit"},"Estimated Total "]
[null,{"$f":"'FwN Total'!A5","v":"Planting New Hedgerows"},{"$f":"'FwN Total'!B5","v":6.49},null,{"$f":"'FwN Total'!C5","v":"m"},{"$f":"C13*D13","v":0}]
[null,{"$f":"'FwN Total'!A6","v":"Protective Fencing for Planting New Hedgerows"},{"$f":"'FwN Total'!B6","v":6.52},null,{"$f":"'FwN Total'!C6","v":"m"},{"$f":"C14*D14","v":0}]
[null,{"$f":"'FwN Total'!A7","v":"Management of Hedgerows"},{"$f":"'FwN Total'!B7","v":0.96},null,{"$f":"'FwN Total'!C7","v":"m"},0]
[null,{"$f":"'FwN Total'!A8","v":"Creation of 2 m Riparian Buffer Strip"},{"$f":"'FwN Total'!B8","v":1.41},null,{"$f":"'FwN Total'!C8","v":"m"},0]
[null,{"$f":"'FwN Total'!A9","v":"Protective Fencing for 2m Riparian Buffer Strips"},{"$f":"'FwN Total'!B9","v":6.52},{"$f":"IF(ISBLANK(D16),\"\",D16)","v":""},{"$f":"'FwN Total'!C9","v":"m"},{"$f":"IFERROR(C17*D17,0)","v":0}]
[null,{"$f":"'FwN Total'!A10","v":"Gate and two Posts for 2m Riparian Buffer Strips"},{"$f":"'FwN Total'!B10","v":310.29000000000002},null,{"$f":"'FwN Total'!C10","v":"set"},0]
[null,{"$f":"'FwN Total'!A11","v":"Drinking trough and base for 2m Riparian Buffer Strips"},{"$f":"'FwN Total'!B11","v":169.7},null,{"$f":"'FwN Total'!C11","v":"set"},0]
[null,{"$f":"'FwN Total'!A12","v":"Pasture Pump for 2m Riparian Buffer Strips"},{"$f":"'FwN Total'!B12","v":239.06},null,{"$f":"'FwN Total'!C12","v":"each"},0]
[null,{"$f":"'FwN Total'!A13","v":"Creation of 7 m Riparian Buffer Strip"},{"$f":"'FwN Total'!B13","v":4.93},null,{"$f":"'FwN Total'!C13","v":"m"},{"$f":"C21*D21","v":0}]
[null,{"$f":"'FwN Total'!A14","v":"Protective Fencing for 7m Riparian Buffer Strips"},{"$f":"'FwN Total'!B14","v":6.52},{"$f":"IF(D21=\"\",\"\",D21)","v":""},{"$f":"'FwN Total'!C14","v":"m"},{"$f":"IFERROR(C22*D22,0)","v":0}]
[null,{"$f":"'FwN Total'!A15","v":"Gate and two Posts for 7m Riparian Buffer Strips"},{"$f":"'FwN Total'!B15","v":310.29000000000002},{"$f":"IF(D22<>\"\",1,\"\")","v":""},{"$f":"'FwN Total'!C15","v":"set"},{"$f":"IFERROR(C23*D23,0)","v":0}]
[null,{"$f":"'FwN Total'!A16","v":"Drinking trough and base for 7m Riparian Buffer Strips"},{"$f":"'FwN Total'!B16","v":169.7},null,{"$f":"'FwN Total'!C16","v":"set"},{"$f":"C24*D24","v":0}]
[null,{"$f":"'FwN Total'!A17","v":"Pasture Pump for 7m Riparian Buffer Strips"},{"$f":"'FwN Total'!B17","v":239.06},null,{"$f":"'FwN Total'!C17","v":"each"},{"$f":"C25*D25","v":0}]
[null,{"$f":"'FwN Total'!A18","v":"Management of 7 m Riparian Buffer Strip"},{"$f":"'FwN Total'!B18","v":0.04},null,{"$f":"'FwN Total'!C18","v":"m"},0]
[null,{"$f":"'FwN Total'!A19","v":"Farmland Tree Planting (1,600 trees/ha) Plot 1"},{"$f":"'FwN Total'!B19","v":6756},null,{"$f":"'FwN Total'!C19","v":"ha"},0]
[null,{"$f":"'FwN Total'!A20","v":"Protective Fencing for Farmland Tree Planting"},{"$f":"'FwN Total'!B20","v":6.52},null,{"$f":"'FwN Total'!C20","v":"m"},0]
[null,{"$f":"'FwN Total'!A21","v":"Gate and two Posts for Farmland Tree Planting"},{"$f":"'FwN Total'!B21","v":310.29000000000002},null,{"$f":"'FwN Total'!C21","v":"set"},{"$f":"IFERROR(C29*D29,0)","v":0}]
[null,{"$f":"'FwN Total'!A22","v":"Farmland Tree Planting (1,600 trees/ha) Plot 2"},{"$f":"'FwN Total'!B22","v":6756},null,{"$f":"'FwN Total'!C22","v":"ha"},{"$f":"IFERROR(C30*D30,0)","v":0}]
[null,{"$f":"'FwN Total'!A23","v":"Protective Fencing for Farmland Tree Planting"},{"$f":"'FwN Total'!B23","v":6.52},null,{"$f":"'FwN Total'!C23","v":"m"},0]
[null,{"$f":"'FwN Total'!A24","v":"Gate and two Posts for Farmland Tree Planting"},{"$f":"'FwN Total'!B24","v":310.29000000000002},null,{"$f":"'FwN Total'!C24","v":"set"},0]
[null,{"$f":"'FwN Total'!A25","v":"Farmland Tree Planting (1,600 trees/ha) Plot 3"},{"$f":"'FwN Total'!B25","v":6756},null,{"$f":"'FwN Total'!C25","v":"ha"},0]
[null,{"$f":"'FwN Total'!A26","v":"Protective Fencing for Farmland Tree Planting"},{"$f":"'FwN Total'!B26","v":6.52},null,{"$f":"'FwN Total'!C26","v":"m"},0]
[null,{"$f":"'FwN Total'!A27","v":"Gate and two Posts for Farmland Tree Planting"},{"$f":"'FwN Total'!B27","v":310.29000000000002},null,{"$f":"'FwN Total'!C27","v":"set"},0]
[null,{"$f":"'FwN Total'!A28","v":"Management of Farmland Trees"},{"$f":"'FwN Total'!B28","v":112},null,{"$f":"'FwN Total'!C28","v":"ha"},{"$f":"C36*D36","v":0}]
[null,{"$f":"'FwN Total'!A29","v":"Retention of Winter Stubble"},{"$f":"'FwN Total'!B29","v":99},null,{"$f":"'FwN Total'!C29","v":"ha"},{"$f":"C37*D37","v":0}]
[null,{"$f":"'FwN Total'!A30","v":"Multi-species Winter Cover Crop"},{"$f":"'FwN Total'!B30","v":226},null,{"$f":"'FwN Total'!C30","v":"ha"},0]
[null,{"$f":"'FwN Total'!A31","v":"Arable - Unharvested Cereal Margin"},{"$f":"'FwN Total'!B31","v":1170},null,{"$f":"'FwN Total'!C31","v":"ha"},{"$f":"C39*D39","v":0}]
[null,{"$f":"'FwN Total'!A32","v":"Arable - Grass Margin"},{"$f":"'FwN Total'!B32","v":1308},null,{"$f":"'FwN Total'!C32","v":"ha"},{"$f":"C40*D40","v":0}]
[null,{"$f":"'FwN Total'!A33","v":"Arable - Flower-Rich Grass Margin"},{"$f":"'FwN Total'!B33","v":1422},null,{"$f":"'FwN Total'!C33","v":"ha"},{"$f":"C41*D41","v":0}]
[null,{"$f":"'FwN Total'!A34","v":"Herbal Ley"},{"$f":"'FwN Total'!B34","v":467},null,{"$f":"'FwN Total'!C34","v":"ha"},0]
[null,{"$f":"'FwN Total'!A35","v":"Herbal Ley - Enhanced"},{"$f":"'FwN Total'!B35","v":521},null,{"$f":"'FwN Total'!C35","v":"ha"},0]
[null,"Estimated Farming with Nature Payment",null,null,null,{"$f":"SUM(F13:F43)","v":0},{"$f":"IF(F44>20000,\"⚠ Maximum claim of £20,000 exceeded\",\"\")","v":""}]